| 000 | 01549 a2200385 4500 | ||
|---|---|---|---|
| 001 | 200423196 | ||
| 003 | TR-AnTOB | ||
| 005 | 20260312111318.0 | ||
| 008 | 151119e2012 tu 001 0 | ||
| 020 | _a9789751625175 | ||
| 040 |
_aTR-AnTOB _beng _erda _cTR-AnTOB |
||
| 041 | _atur | ||
| 050 | 0 |
_aDT314 _b.C47 2012 |
|
| 090 | _aDT314 .C47 2012 | ||
| 100 | 1 |
_aCeran, İsmail _9110020 |
|
| 245 | 1 | 0 |
_aFas tarihi / _cİsmail Ceran ; raportör Kazım Yaşar Kopraman. |
| 264 | 1 |
_aAnkara : _bTürk Tarih Kurumu, _c2012. |
|
| 264 | _a©2012 | ||
| 300 |
_axxii, 1034 pages : _billustrations,maps ; _c24 cm . |
||
| 336 |
_atext _2rdacontent _btxt |
||
| 337 |
_aunmediated _2rdamedia _bn |
||
| 338 |
_avolume _2rdacarrier _bnc |
||
| 490 | 0 |
_aTürk Tarih Kurumu Yayınları ; _v1 |
|
| 500 | _a"Donated by Halil İnalcık." | ||
| 504 | _aIncludes bibliographical references (p. 1007-1018) and index. | ||
| 505 | _aPart I. İdrîsîler (788-985) Part II. Murâbıtlar (1056-1147) Part III. Muvahhidler (1130-1269) Part IV. Merînîler (1196-1465) Part V. Vattasîler (1472-1554) Part VI. Sa'dîler (1511-1659) Part VII. Filâlî Şerifleri (1631-1912) Part VIII. Himaye Dönemi (1912-1956) ve Bağımsızlık | ||
| 651 | 0 |
_aMorocco _xCivilization _9110024 |
|
| 651 | 0 |
_aMorocco _xPolitics and government _9110025 |
|
| 651 | 7 |
_aFas _xSiyaset ve Yönetim _2etuturkob _9110026 |
|
| 651 | 7 |
_aFas _xTarih _2etuturkob _9144596 |
|
| 651 | 7 |
_aFas _xUygarlık _2etuturkob _9110022 |
|
| 700 | 1 |
_aKopraman, Kâzım Yaşar _943235 |
|
| 942 |
_cBK _2lcc |
||
| 999 |
_c200423196 _d40098 |
||